| 000 | 00573nam a22001817a 4500 | ||
|---|---|---|---|
| 999 |
_c9615 _d9615 |
||
| 003 | OSt | ||
| 005 | 20210904125015.0 | ||
| 008 | 210904b ||||| |||| 00| 0 eng d | ||
| 040 | _aBMSCA | ||
| 041 | _aKAN | ||
| 082 |
_222 _a494.8145 _bTHI |
||
| 100 | _aತಿಮ್ಮೇಶ ಎಲ್ / Thimmesh L | ||
| 245 | _aಬಳಕೆ ಕನ್ನಡ / BaLake Kannada | ||
| 260 |
_aಬೆಳಗಾವಿ _bವಿಶ್ವೇಶ್ವರಯ್ಯ ತಾಂತ್ರಿಕ ವಿಶ್ವವಿದ್ಯಾನಿಲಯ _c2020 |
||
| 300 | _a208pp. | ||
| 653 | _aKannada | ||
| 942 | _2ddc | ||